| 000 | 01174nam a22002897a 4500 | ||
|---|---|---|---|
| 999 |
_c29479 _d29450 |
||
| 003 | EG-ScBUE | ||
| 005 | 20210923150036.0 | ||
| 008 | 210923s2008 ua f b 000 0 ara d | ||
| 040 |
_aEG-ScBUE _bara _erda _cEG-ScBUE _dEG-ScBUE |
||
| 041 | 1 |
_aara _hund |
|
| 082 | 0 | 4 |
_a153.42 _bر ش و _222 |
| 100 | 1 |
_aرشوان، محمد مهران، _eمعد _eمترجم. |
|
| 245 | 1 | 2 |
_aالتفكير العلمي : _bنصوص مختارة / _cإعداد وترجمة أ.د. محمد مهران رشوان. |
| 246 | 3 | 4 |
_aتفكير العلمي : _bموضوعات مختارة |
| 264 | 1 |
_a[القاهرة] : _bجامعة مصر للعلوم والتكنولوجيا، _c2008. |
|
| 300 |
_a208 صفحة : _c24 سم |
||
| 336 |
_2rdacontent _aنص _btxt |
||
| 337 |
_2rdamedia _aبدون وسيط _bn |
||
| 338 |
_2rdacarrier _aمجلد _bnc |
||
| 504 | _aيشتمل على إرجاعات ببليوجرافية. | ||
| 541 |
_cDonation ; _aDr. Fatma Hamdy. |
||
| 546 | _aالنص مترجم من لغة غير معروفة. | ||
| 650 | 7 |
_aالتفكير (علم نفس) _2BUEsh |
|
| 653 | 7 |
_aBUEsh _bHHUUPPSS _cSeptember2021 |
|
| 655 | 7 |
_2BUEsh _vReading book _934232 |
|
| 942 | _2ddc | ||